| 000 | 01116nam a2200265 a 4500 | ||
|---|---|---|---|
| 999 |
_c428000 _d428000 |
||
| 003 | BLK | ||
| 005 | 20231221005247.0 | ||
| 008 | 180409b bul|||||r ||||||| ||bul|| | ||
| 010 | _aKNG00112068000 | ||
| 040 | _aBLK | ||
| 041 |
_aBUL _cBUL |
||
| 080 |
_aАнглийска литература _b821.111 _x-31 _z821.111-31 |
||
| 100 | 1 |
_aГолзуърди, Джон _eпърви автор _954763 |
|
| 139 |
_aГолзуърди, Джон _bГ 63 |
||
| 245 | 1 | 0 |
_aОстровът на фарисеите _b[Сатир. роман] _cДжон Голсуърти ; Прев. Нели Доспевска-Димова. |
| 257 | _aGBR | ||
| 260 |
_bНар. култура _c1951 _9209547 _aСофия _n954-04- |
||
| 300 |
_a218 с. _c21 см |
||
| 380 | _aX | ||
| 500 | _aВ кн. авт. означен Джон Голсуъти ; Прев. известна като Нели Станиславова Доспевска | ||
| 700 |
_aДоспевска, Нели Станиславова _d1915-1988 _9261711 |
||
| 852 |
_aЦб 8.210.38077 _bЦб |
||
| 942 |
_cKNG _n0 _s1 |
||
| 944 |
_aCR _c2021-08-11 _k _lCRON CRON |
||